| 000 | 01022cam a22003011 4500 | ||
|---|---|---|---|
| 001 | 19483 | ||
| 003 | BD-RjUL | ||
| 005 | 20211209000435.0 | ||
| 008 | 760108s1957 xx 000 0 eng | ||
| 035 | _a(BD-RjUL)19543 | ||
| 035 | _a(BD-RjUL)19543 | ||
| 040 |
_aDLC _cRUn _dOCoLC _dDLC _beng |
||
| 041 | _aeng | ||
| 082 |
_a745.52643 _a746.7 _2KUC 1957 |
||
| 100 |
_aKühnel ,Ernst . _qErnst Kühnel. _959857 |
||
| 110 | 2 |
_aTextile Museum (Washington, D.C.) _959869 |
|
| 245 | 1 | 0 |
_aCairene rugs and others technically related, 15th century-17th century, _cby Ernst Kühnel. Technical analysis by Louisa Bellinger. |
| 260 |
_aWashington, _bNational Pub. Co., _c1957. |
||
| 300 |
_avii, 90 p. : _b49 plates (part col.) maps (on lining papers) table. ; _c31 cm. |
||
| 490 | 1 | _aIts Catalogue raisonné | |
| 504 | _aBibliography: p. 83-84. | ||
| 650 | 0 |
_aRugs _zEgypt. _959859 |
|
| 650 | 0 |
_aRugs, Oriental. _959860 |
|
| 650 | 0 |
_aCarpets. _959861 |
|
| 942 |
_2ddc _cBK |
||
| 999 |
_c19483 _d19483 |
||